Социологический энциклопедический словарь: на русском, английском, немецком, французском и чешском языках
| Other Authors: | |
|---|---|
| Language: | Russian English German French Czech |
| Published: |
Москва, ИНФРА-М, 1998
|
| Subjects: | |
| Format: | Book |
| KOHA link: | https://koha.lib.tpu.ru/cgi-bin/koha/opac-detail.pl?biblionumber=5756 |
MARC
| LEADER | 00000nam0a2200000 4500 | ||
|---|---|---|---|
| 001 | 5756 | ||
| 005 | 20231101204436.0 | ||
| 010 | |a 589123162X | ||
| 035 | |a (RuTPU)RU\TPU\book\5784 | ||
| 035 | |a BOOK00005836 | ||
| 090 | |a 5756 | ||
| 100 | |a 20011209d1998 km y0rusy50 ca | ||
| 101 | 0 | |a rus |a eng |a ger |a fre |a cze | |
| 102 | |a RU | ||
| 105 | |a y ef 001zy | ||
| 200 | 1 | |a Социологический энциклопедический словарь |e на русском, английском, немецком, французском и чешском языках |f под ред. Г. В. Осипова | |
| 210 | |a Москва |c ИНФРА-М |c НОРМА |d 1998 | ||
| 215 | |a 488 с. | ||
| 320 | |a Словник: с. 434-474 | ||
| 320 | |a Список имен: с. 476-479 | ||
| 606 | 1 | |a Социология |2 stltpush |3 (RuTPU)RU\TPU\subj\67656 |9 83377 | |
| 610 | 1 | |a словари | |
| 610 | 1 | |a многоязычные словари | |
| 610 | 1 | |a энциклопедические словари | |
| 686 | |a С5я2 |v LBC/SL-A |2 rubbk | ||
| 686 | |a Ш12-4 |v LBC/SL-A |2 rubbk | ||
| 702 | 1 | |a Осипов |b Г. В. |4 340 | |
| 801 | 0 | |a RU |b 63413507 |c 20011209 |g PSBO | |
| 801 | 2 | |a RU |b 63413507 |c 20140423 |g PSBO | |
| 942 | |c BK | ||